<?xml version="1.0" encoding="UTF-8"?>
<record
    xmlns:xsi="http://www.w3.org/2001/XMLSchema-instance"
    xsi:schemaLocation="http://www.loc.gov/MARC21/slim http://www.loc.gov/standards/marcxml/schema/MARC21slim.xsd"
    xmlns="http://www.loc.gov/MARC21/slim">

  <leader>01405nam a22003137a 4500</leader>
  <controlfield tag="005">20240530110953.0</controlfield>
  <controlfield tag="008">221218s2022    ua bf  g b    000 0 ara d</controlfield>
  <datafield tag="017" ind1=" " ind2=" ">
    <subfield code="a">2021/20132</subfield>
    <subfield code="b">&#x645;&#x635;&#x631;. &#x62F;&#x627;&#x631; &#x627;&#x644;&#x643;&#x62A;&#x628;</subfield>
  </datafield>
  <datafield tag="020" ind1=" " ind2=" ">
    <subfield code="a">97897776926110</subfield>
  </datafield>
  <datafield tag="040" ind1=" " ind2=" ">
    <subfield code="a">EG-CaGPL</subfield>
    <subfield code="c">EG-CaGPL</subfield>
  </datafield>
  <datafield tag="082" ind1="0" ind2="4">
    <subfield code="2">21</subfield>
    <subfield code="a">388.1</subfield>
    <subfield code="b">&#x623; &#x637;</subfield>
  </datafield>
  <datafield tag="100" ind1="0" ind2=" ">
    <subfield code="a">&#x627;&#x645;&#x627;&#x646;&#x649; &#x642;&#x637;&#x628;</subfield>
  </datafield>
  <datafield tag="245" ind1="1" ind2="0">
    <subfield code="a">&#x637;&#x631;&#x64A;&#x642; &#x627;&#x644;&#x630;&#x647;&#x628; &#x641;&#x649; &#x627;&#x644;&#x635;&#x62D;&#x631;&#x627;&#x621; &#x627;&#x644;&#x643;&#x628;&#x631;&#x649; &#x627;&#x644;&#x627;&#x641;&#x631;&#x64A;&#x642;&#x64A;&#x629; &#x648;&#x62F;&#x648;&#x631;&#x629; &#x627;&#x644;&#x62D;&#x636;&#x627;&#x631;&#x649; &#x645;&#x646;&#x630; &#x627;&#x644;&#x642;&#x631;&#x646; 2 &#x647;&#x640; / 8 &#x645; &#x62D;&#x62A;&#x649; &#x627;&#x644;&#x642;&#x631;&#x646; 10 &#x647;&#x640; / 16 &#x645; :</subfield>
    <subfield code="b">&#x62F;&#x631;&#x627;&#x633;&#x629; &#x62A;&#x627;&#x631;&#x64A;&#x62E;&#x64A;&#x629; &#x62D;&#x636;&#x627;&#x631;&#x64A;&#x629; /</subfield>
    <subfield code="c">&#x627;&#x645;&#x627;&#x646;&#x649; &#x642;&#x637;&#x628; &#x61B; &#x62A;&#x642;&#x62F;&#x64A;&#x645; &#x627;&#x62D;&#x645;&#x62F; &#x645;&#x62D;&#x645;&#x62F; &#x628;&#x62F;&#x64A;&#x648;&#x649;</subfield>
  </datafield>
  <datafield tag="250" ind1=" " ind2=" ">
    <subfield code="a">&#x637;.1</subfield>
  </datafield>
  <datafield tag="260" ind1=" " ind2=" ">
    <subfield code="a">&#x627;&#x644;&#x627;&#x633;&#x643;&#x646;&#x62F;&#x631;&#x64A;&#x629; :</subfield>
    <subfield code="b">&#x62F;&#x627;&#x631; &#x627;&#x644;&#x648;&#x641;&#x627;&#x621; &#x644;&#x62F;&#x646;&#x64A;&#x627; &#x627;&#x644;&#x637;&#x628;&#x627;&#x639;&#x629; &#x648; &#x627;&#x644;&#x646;&#x634;&#x631;&#x60C;</subfield>
    <subfield code="c">2022.</subfield>
  </datafield>
  <datafield tag="300" ind1=" " ind2=" ">
    <subfield code="a">288 &#x635;. :</subfield>
    <subfield code="b">&#x627;&#x64A;&#x636; &#x61B;</subfield>
    <subfield code="c">24 &#x633;&#x645;.</subfield>
  </datafield>
  <datafield tag="504" ind1=" " ind2=" ">
    <subfield code="a">&#x64A;&#x634;&#x62A;&#x645;&#x644; &#x639;&#x644;&#x649; &#x627;&#x631;&#x62C;&#x627;&#x639;&#x627;&#x62A; &#x628;&#x628;&#x644;&#x64A;&#x648;&#x62C;&#x631;&#x627;&#x641;&#x64A;&#x629;</subfield>
  </datafield>
  <datafield tag="650" ind1="0" ind2="7">
    <subfield code="2">qrmak</subfield>
    <subfield code="a">&#x627;&#x644;&#x637;&#x631;&#x642; &#x627;&#x644;&#x62A;&#x62C;&#x627;&#x631;&#x64A;&#x629;</subfield>
  </datafield>
  <datafield tag="650" ind1="0" ind2="7">
    <subfield code="2">qrmak</subfield>
    <subfield code="a">&#x627;&#x644;&#x62A;&#x62C;&#x627;&#x631;&#x629; &#x627;&#x644;&#x62E;&#x627;&#x631;&#x62C;&#x64A;&#x629;</subfield>
  </datafield>
  <datafield tag="650" ind1="0" ind2="7">
    <subfield code="2">qrmak</subfield>
    <subfield code="a">&#x627;&#x644;&#x62A;&#x62C;&#x627;&#x631;&#x629;</subfield>
  </datafield>
  <datafield tag="650" ind1="0" ind2="7">
    <subfield code="2">qrmak</subfield>
    <subfield code="a">&#x627;&#x644;&#x62A;&#x62C;&#x627;&#x631;&#x629; &#x627;&#x644;&#x62E;&#x627;&#x631;&#x62C;&#x64A;&#x629;</subfield>
  </datafield>
  <datafield tag="650" ind1="0" ind2="7">
    <subfield code="2">qrmak</subfield>
    <subfield code="a">&#x627;&#x644;&#x637;&#x631;&#x642; &#x627;&#x644;&#x62A;&#x62C;&#x627;&#x631;&#x64A;&#x629;</subfield>
  </datafield>
  <datafield tag="650" ind1="0" ind2="7">
    <subfield code="2">qrmak</subfield>
    <subfield code="a">&#x627;&#x644;&#x639;&#x644;&#x627;&#x642;&#x627;&#x62A; &#x627;&#x644;&#x627;&#x642;&#x62A;&#x635;&#x627;&#x62F;&#x64A;&#x629;</subfield>
  </datafield>
  <datafield tag="650" ind1="0" ind2="7">
    <subfield code="2">qrmak</subfield>
    <subfield code="a">&#x627;&#x644;&#x62A;&#x628;&#x627;&#x62F;&#x644; &#x627;&#x644;&#x62A;&#x62C;&#x627;&#x631;&#x649;</subfield>
  </datafield>
  <datafield tag="653" ind1="0" ind2=" ">
    <subfield code="a">&#x637;&#x631;&#x64A;&#x642; &#x627;&#x644;&#x630;&#x647;&#x628; - &#x62A;&#x62C;&#x627;&#x631;&#x629;</subfield>
  </datafield>
  <datafield tag="700" ind1="0" ind2=" ">
    <subfield code="a">&#x627;&#x62D;&#x645;&#x62F; &#x645;&#x62D;&#x645;&#x62F; &#x628;&#x62F;&#x64A;&#x648;&#x649;</subfield>
    <subfield code="e">&#x645;&#x642;&#x62F;&#x645;</subfield>
  </datafield>
  <datafield tag="942" ind1=" " ind2=" ">
    <subfield code="2">ddc</subfield>
    <subfield code="c">BK</subfield>
  </datafield>
  <datafield tag="999" ind1=" " ind2=" ">
    <subfield code="c">67040</subfield>
    <subfield code="d">67040</subfield>
  </datafield>
  <datafield tag="952" ind1=" " ind2=" ">
    <subfield code="0">0</subfield>
    <subfield code="1">0</subfield>
    <subfield code="4">0</subfield>
    <subfield code="7">0</subfield>
    <subfield code="a">CAI</subfield>
    <subfield code="b">CAI</subfield>
    <subfield code="c">&#x627;&#x644;&#x639;&#x644;&#x648;&#x645; &#x627;&#x644;&#x627;&#x62C;&#x62A;&#x645;&#x627;&#x639;&#x64A;&#x629;-&#x639;&#x631;&#x628;&#x649;</subfield>
    <subfield code="d">2022-12-19</subfield>
    <subfield code="l">0</subfield>
    <subfield code="o">388.1 &#x623; &#x637;</subfield>
    <subfield code="p">169064</subfield>
    <subfield code="r">2022-12-19 00:00:00</subfield>
    <subfield code="w">2022-12-19</subfield>
    <subfield code="y">BK</subfield>
  </datafield>
</record>
